00305nam a22001097a 4500020002200000082001400022100001700036245007500053260003600128300000800164650002300172 a978-93-5029-438-3 a200.1 KAN aKansal, Ajay aThe Evolution of Gods: The Scientific Origin of Divinity and Religions aNew DelhibHarper Collinsc2012 a214 aReligion-Sociology